Practical phonetics and phonology : a resource book for students

में बचाया:
ग्रंथसूची विवरण
मुख्य लेखक: Collins, Beverley
स्वरूप: पुस्तक
भाषा:Undetermined
प्रकाशित: London Routledge 2003
विषय:
टैग : टैग जोड़ें
कोई टैग नहीं, इस रिकॉर्ड को टैग करने वाले पहले व्यक्ति बनें!
Thư viện lưu trữ: Trung tâm Học liệu Trường Đại học Cần Thơ
LEADER 00645nam a2200217Ia 4500
001 CTU_172107
008 210402s9999 xx 000 0 und d
020 |c 36.95 
082 |a 421.5 
082 |b C712 
100 |a Collins, Beverley 
245 0 |a Practical phonetics and phonology : 
245 2 |b a resource book for students 
245 0 |c Beverley Collins; Inger M Mees 
260 |a London 
260 |b Routledge 
260 |c 2003 
650 |a English language,Ngôn ngữ tiếng Anh 
650 |x Phonetics,Ngữ âm học 
904 |i Hồng Cẩm, Năm 
980 |a Trung tâm Học liệu Trường Đại học Cần Thơ